000
00352nam a2200133Ia 4500
008
151001s9999||||xx |||||||||||||| ||und||
100
_a
सदाशिव आठवले
245
_a
शिवाजी आणि शिवयुग
250
_a
1
260
_b
अजब प्रकाशन
260
_c
1971
300
_a
208
365
_b
18
999
_c
956868
_d
956865